Statistics for Most domestic football wins

Click here to take the quiz!

General Stats

  • This quiz has been taken 37 times
  • The average score is 20 of 33

Answer Stats

Number of titlesFCCountryHint% Correct
35JuventusItalymen/series
100%
50CelticScotlandmen/series
97%
39CelticScotlandmen/cup
97%
54RangersScotlandmen/series
97%
33RangersScotlandmen/cup
97%
33Real MadridSpainmen/series
97%
37BenficaPortugalmen/series
94%
28BenficaPortugalmen/cup
94%
34AjaxNetherlandsmen/series
92%
30BarcelonaSpainmen/cup
92%
34AnderlechtBelgiummen/series
89%
44OlympiacosGreecemen/series
86%
27OlympiacosGreecemen/cup
86%
33Sparta PrahaCzech/oslovakia+Rep.men/series
69%
25Sparta PrahaCzech/oslovakia+Rep.men/cup
69%
32Sparta PrahaCzech/oslovakia+Rep.women/series
69%
15HJKFinlandwomen/cup
67%
23HJKFinlandwomen/series
67%
27Austria WienAustriamen/cup
61%
15NSA SofiaBulgariawomen/cup
58%
47VaduzLiechtensteinmen/cup
58%
22FC ZürichSwitzerlandwomen/series
44%
25Shamrock RoversIrelandmen/cup
39%
16SFK 2000 SarajevoBosnia & Herz.women/cup
36%
53LinfieldN.Irelandmen/series
33%
43LinfieldN.Irelandmen/cup
33%
15FFC BernSwitzerlandwomen/cup
28%
25Levski SofiaBulgariamen/cup
28%
26HBFaroe Islandsmen/cup
11%
22OsijekCroatiawomen/series
8%
19OsijekCroatiawomen/cup
8%
25Mašinac NišYugoslavia/S&M/Serbiawomen/series
3%
15Mašinac NišYugoslavia/S&M/Serbiawomen/cup
3%

Score Distribution

Percentile by Number Answered

Percent of People with Each Score

Your Score History

You have not taken this quiz